Francisco Luis Gomes / (Record no. 42872)

MARC details
000 -LEADER
fixed length control field 00817nam a22002297a 4500
005 - DATE AND TIME OF LATEST TRANSACTION
control field 20100821105358.0
010 ## - LCCN (DPL NO)
LC control number ENG-101224
020 ## - INTERNATIONAL STANDARD BOOK NUMBER
Terms of availability 90.00
International Standard Book Number 9788123758015
035 ## - SYSTEM CONTROL NUMBER
System control number EN-84757
037 ## - SOURCE OF ACQUISITION
Source of stock number/acquisition DBAD/PUB
082 ## - DEWEY DECIMAL CLASSIFICATION NUMBER
Classification number 920
100 ## - MAIN ENTRY--PERSONAL NAME
Personal name Gomes, Olivinho J. F.
245 ## - TITLE STATEMENT
Title Francisco Luis Gomes /
Remainder of title by R. N. Lakhotia [and] Subhash Lakhotia
260 ## - PUBLICATION, DISTRIBUTION, ETC. (IMPRINT)
Place of publication, distribution, etc New Delhi
Name of publisher, distributor, etc National Book Trust
Date of publication, distribution, etc 2010
270 ## - ADDRESS
Address Nehru Bhawan, 5 Institutional Book Trust Nehru Bhawan, 5 Institutional Area, Phase-II Vasant Kunj
City New Delhi
Postal code 110070
300 ## - PHYSICAL DESCRIPTION
Extent 261 p.
Dimensions 22cm (Pbk)
500 ## - GENERAL NOTE
General note Includes bibliographical references
700 ## - ADDED ENTRY--PERSONAL NAME
9 (RLIN) 15693
700 ## - ADDED ENTRY--PERSONAL NAME
9 (RLIN) 15729
942 ## - ADDED ENTRY ELEMENTS (KOHA)
Source of classification or shelving scheme Dewey Decimal Classification
Item type English Books
Call number suffix GOM
Classification part 920
Holdings
Withdrawn status Lost status Not for loan Collection code Home library Current library Date acquired Cost, normal purchase price Full call number Barcode Copy number Cost, replacement price Koha item type
    Not For Loan Non-fiction D.B.Act.Division D.B.Act.Division 21/08/2010 90.00 920 GOM EN-84757 1 90.00 English Books

© Delhi Public Library
Hit Counter
free hit counter